[Event "CZE-chT2A 2223"]
[Site "Czech Republic"]
[Date "2023.03.05"]
[Round "10.3"]
[White "Richtrova, Eliska"]
[Black "Kunc, Jan"]
[Result "1/2-1/2"]
[WhiteElo "2155"]
[BlackElo "2021"]
[PlyCount "118"]
[EventDate "2022.10.16"]
[EventType "team-tourn"]
[EventRounds "11"]
[EventCountry "CZE"]
[SourceTitle "EXT 2024"]
[Source "ChessBase"]
[SourceDate "2023.10.10"]
[SourceVersion "1"]
[SourceVersionDate "2023.10.10"]
[SourceQuality "1"]
[WhiteTeam "Budejovice"]
[BlackTeam "Vysehrad II"]
[WhiteTeamCountry "CZE"]
[BlackTeamCountry "CZE"]

1. e4 e5 2. Nf3 Nc6 3. Bb5 a6 4. Ba4 Nf6 5. d3 b5 6. Bb3 Bc5 7. 0-0 d6 8. c3 0-0 9. h3 h6 10. Bc2 Bb6 11. Nbd2 d5 12. a4 Bb7 13. Nh2 Ne7 14. Ng4 Nxg4 15. Qxg4 Ng6 16. Nf3 Qf6 17. Qf5 Qxf5 18. exf5 e4 19. dxe4 dxe4 20. fxg6 exf3 21. Bb3 fxg2 22. Re1 Bc5 23. axb5 axb5 24. Bxf7+ Kh8 25. Rxa8 Rxa8 26. Bf4 Bb6 27. Re8+ Rxe8 28. Bxe8 Be4 29. Bxb5 Bxg6 30. Kxg2 Kg8 31. Be5 Be4+ 32. f3 Bb7 33. h4 Kf7 34. Bc4+ Kg6 35. Bd3+ Kf7 36. h5 Bd5 37. Kg3 c6 38. c4 Be6 39. b4 Bd8 40. c5 Bf6 41. f4 Bd7 42. Kf3 Ke7 43. Ke3 Ke6 44. Kd4 Be8 45. Be4 Ke7 46. Bf3 Ke6 47. Bg4+ Ke7 48. Be2 Ke6 49. Ke4 Bxe5 50. fxe5 g6 51. Bg4+ Ke7 52. hxg6 Bxg6+ 53. Kd4 Bf7 54. Be2 Be8 55. Ke4 Bd7 56. Kf4 Kf7 57. Bh5+ Ke7 58. Bg6 Be6 59. Bh5 Bd7 1/2-1/2

[Event "CZE-chT2B 2122"]
[Site "Czech Republic"]
[Date "2022.01.16"]
[Round "6.1"]
[White "Orsag, Milan"]
[Black "Kunc, Jan"]
[Result "1/2-1/2"]
[WhiteElo "2308"]
[BlackElo "2072"]
[PlyCount "58"]
[EventDate "2021.10.17"]
[EventType "team-tourn"]
[EventRounds "11"]
[EventCountry "CZE"]
[SourceTitle "EXT 2025"]
[Source "ChessBase"]
[SourceDate "2024.10.14"]
[SourceVersion "1"]
[SourceVersionDate "2024.10.14"]
[SourceQuality "1"]
[WhiteTeam "Praha Dukla"]
[BlackTeam "Vysehrad Sokol III"]
[WhiteTeamCountry "CZE"]
[BlackTeamCountry "CZE"]

1. d4 d5 2. c4 c6 3. Nc3 Nf6 4. Nf3 dxc4 5. a4 Bf5 6. e3 e6 7. Bxc4 Bb4 8. 0-0 Nbd7 9. Qe2 0-0 10. e4 Bg6 11. e5 Nd5 12. Nxd5 cxd5 13. Bd3 Bxd3 14. Qxd3 Be7 15. a5 Rc8 16. Bd2 Rc6 17. Rfc1 Nb8 18. g3 Qd7 19. Kg2 Rfc8 20. Rxc6 Rxc6 21. h4 Qc7 22. Ng5 Bxg5 23. hxg5 Nd7 24. Rh1 Nf8 25. Bb4 Ng6 26. Bc3 Rc4 27. Ra1 Qc6 28. Kh2 a6 29. g4 Qb5 1/2-1/2

[Event "Pardubice Czech op-B 30th"]
[Site "Pardubice"]
[Date "2019.07.27"]
[Round "9"]
[White "Kunc, Jan"]
[Black "Eliseev, Sergey1"]
[Result "1-0"]
[WhiteElo "1919"]
[BlackElo "2053"]
[PlyCount "142"]
[EventDate "2019.07.19"]
[EventType "swiss"]
[EventRounds "9"]
[EventCountry "CZE"]
[SourceTitle "EXT 2020"]
[Source "ChessBase"]
[SourceDate "2019.10.17"]
[SourceVersion "1"]
[SourceVersionDate "2019.10.17"]
[SourceQuality "1"]

1. e4 c5 2. Nf3 d6 3. d4 cxd4 4. Nxd4 Nf6 5. Nc3 Nc6 6. Be2 e5 7. Nb3 Be7 8. 0-0 0-0 9. Be3 a5 10. a4 Nb4 11. f4 exf4 12. Bxf4 d5 13. exd5 Nfxd5 14. Nxd5 Nxd5 15. Kh1 Bg5 16. Bxg5 Qxg5 17. Qd2 Ne3 18. Bf3 Rd8 19. Nd4 Qe5 20. Rfe1 Qxd4 21. Qxd4 Rxd4 22. Rxe3 Be6 23. Kg1 Rc8 24. c3 Rd2 25. Re2 Rxe2 26. Bxe2 Bb3 27. Kf2 g6 28. Bd1 Bd5 29. Bc2 Rc4 30. Rd1 Bc6 31. Rd4 Rxd4 32. cxd4 Kf8 33. g3 Ke7 34. Ke3 Kd6 35. Bb3 Bd5 36. Bd1 f5 37. Kf4 Bc4 38. Bf3 b6 39. Bd1 Kd5 40. Ke3 Kd6 41. h4 h6 42. Bc2 Ke6 43. Kf4 Kf6 44. Bd1 Ke6 45. Bc2 Kd5 46. h5 gxh5 47. Kxf5 Kxd4 48. Kg6 Ke3 49. Kxh5 Be2+ 50. g4 Kd2 51. Bf5 Kc1 52. b3 Kb2 53. Be6 b5 54. Kxh6 bxa4 55. bxa4 Ka3 56. g5 Bd3 57. Bd7 Kb4 58. g6 Bxg6 59. Kxg6 Kc5 60. Kf6 Kd6 61. Bb5 Kc7 62. Ke7 Kc8 63. Kd6 Kb7 64. Kc5 Ka7 65. Bc4 Kb8 66. Kb5 Ka7 67. Kxa5 Kb7 68. Kb5 Ka7 69. a5 Ka8 70. Kb6 Kb8 71. a6 Kc8 1-0

[Event "Klatovy op-A 24th"]
[Site "Klatovy"]
[Date "2018.07.06"]
[Round "7"]
[White "Strnad, Jakub"]
[Black "Kunc, Jan"]
[Result "0-1"]
[WhiteElo "2055"]
[BlackElo "1947"]
[PlyCount "84"]
[EventDate "2018.06.30"]
[EventType "swiss"]
[EventRounds "9"]
[EventCountry "CZE"]
[SourceTitle "EXT 2019"]
[Source "ChessBase"]
[SourceDate "2018.10.10"]
[SourceVersion "1"]
[SourceVersionDate "2018.10.10"]
[SourceQuality "1"]

1. e4 c5 2. Nf3 d6 3. d4 cxd4 4. Nxd4 Nf6 5. Nc3 g6 6. Be3 Bg7 7. f3 Nc6 8. Qd2 0-0 9. Bc4 Bd7 10. 0-0-0 Rc8 11. Bb3 Nxd4 12. Bxd4 b5 13. h4 a5 14. Nd5 Nxd5 15. Bxg7 Kxg7 16. Bxd5 e6 17. h5 exd5 18. hxg6 hxg6 19. Qh6+ Kf6 20. Rxd5 Rh8 21. Qf4+ Kg7 22. Rxh8 Qxh8 23. g4 Qh1+ 24. Rd1 Qg2 25. c3 b4 26. Rxd6 bxc3 27. Qf6+ Kg8 28. bxc3 Qg1+ 29. Rd1 Qe3+ 30. Kb2 Rb8+ 31. Ka1 Qe2 32. Rb1 Rxb1+ 33. Kxb1 Qd1+ 34. Kb2 Be6 35. Qd4 Qe2+ 36. Kc1 Qxf3 37. Qd8+ Kh7 38. Qxa5 Qf1+ 39. Kb2 Qe2+ 40. Kb1 Qxe4+ 41. Kb2 Qg2+ 42. Kb1 Bxg4 0-1

[Event "Liberec op 18th"]
[Site "Liberec"]
[Date "2018.02.24"]
[Round "1"]
[White "Kunc, Jan"]
[Black "Kutek, Jiri"]
[Result "1-0"]
[WhiteElo "1894"]
[BlackElo "1501"]
[PlyCount "61"]
[EventDate "2018.02.24"]
[EventType "swiss"]
[EventRounds "9"]
[EventCountry "CZE"]
[SourceTitle "CBM 183 Extra"]
[Source "ChessBase"]
[SourceDate "2018.04.19"]
[SourceVersion "1"]
[SourceVersionDate "2018.04.19"]
[SourceQuality "1"]

1. e4 e5 2. Nf3 Nc6 3. Bb5 d6 4. d4 Bd7 5. Nc3 a6 6. Bxc6 Bxc6 7. dxe5 dxe5 8. Qxd8+ Rxd8 9. Nxe5 Bd7 10. Nxd7 Rxd7 11. 0-0 Bd6 12. Be3 Nf6 13. f3 0-0 14. Rad1 h6 15. Nd5 Nxd5 16. Rxd5 c6 17. Rd3 Rfd8 18. Rfd1 f6 19. Bb6 Bxh2+ 20. Kxh2 Rxd3 21. Rxd3 Rxd3 22. cxd3 Kf7 23. Kg3 g6 24. Kf4 Ke6 25. d4 h5 26. Bd8 b5 27. d5+ cxd5 28. exd5+ Kxd5 29. Bxf6 Ke6 30. Kg5 Kf7 31. Bc3 1-0

[Event "Ricany op-A"]
[Site "Ricany"]
[Date "2017.09.02"]
[Round "9"]
[White "Ludvik, Tomas"]
[Black "Kunc, Jan"]
[Result "1-0"]
[WhiteElo "2095"]
[BlackElo "1903"]
[PlyCount "125"]
[EventDate "2017.08.26"]
[EventType "swiss"]
[EventRounds "9"]
[EventCountry "CZE"]
[SourceTitle "CBM 180 Extra"]
[Source "ChessBase"]
[SourceDate "2017.10.06"]
[SourceVersion "1"]
[SourceVersionDate "2017.10.06"]
[SourceQuality "1"]

1. d4 Nf6 2. c4 g6 3. Nc3 Bg7 4. e4 d6 5. Nf3 0-0 6. Be2 e5 7. 0-0 Nc6 8. d5 Ne7 9. Ne1 Ne8 10. Nd3 f5 11. Bd2 c5 12. Rb1 Nf6 13. f3 f4 14. b4 b6 15. bxc5 bxc5 16. Na4 Nd7 17. Qc2 g5 18. Rb3 Rf7 19. Nc3 Bf8 20. Nb5 Ng6 21. Ra3 a6 22. Ba5 Qf6 23. Nc7 Rb8 24. Ne6 Be7 25. Rb1 Ngf8 26. Rxb8 Nxb8 27. Nc7 Bd8 28. Qb2 Bxc7 29. Bxc7 Rxc7 30. Qxb8 Qe7 31. Rb3 Bb7 32. Rb6 Qd7 33. Bd1 h5 34. h3 Kf7 35. Ba4 Qc8 36. Qxc8 Bxc8 37. Rxd6 Ng6 38. Be8+ Kxe8 39. Rxg6 g4 40. hxg4 hxg4 41. Nxe5 gxf3 42. Rg8+ Ke7 43. Rg7+ Kd6 44. Rxc7 Kxc7 45. gxf3 a5 46. Nd3 Ba6 47. Nb2 Kd6 48. Kf2 Ke5 49. Nd3+ Kd4 50. Nxf4 Bxc4 51. Ne6+ Ke5 52. Nxc5 Bxa2 53. Ke3 Bc4 54. Nd3+ Kd6 55. Kd4 Bb3 56. e5+ Ke7 57. d6+ Kd8 58. Nc5 Bd1 59. f4 a4 60. e6 Bg4 61. Nb7+ Kc8 62. d7+ Kxb7 63. d8Q 1-0

[Event "Klatovy op-A 23rd"]
[Site "Klatovy"]
[Date "2017.07.06"]
[Round "6"]
[White "Srba, Stanislav"]
[Black "Kunc, Jan"]
[Result "1-0"]
[WhiteElo "1924"]
[BlackElo "2015"]
[PlyCount "83"]
[EventDate "2017.07.01"]
[EventType "swiss"]
[EventRounds "9"]
[EventCountry "CZE"]
[SourceTitle "EXT 2018"]
[Source "ChessBase"]
[SourceDate "2017.10.13"]
[SourceVersion "1"]
[SourceVersionDate "2017.10.13"]
[SourceQuality "1"]

1. d4 Nf6 2. c4 g6 3. Nc3 Bg7 4. e4 d6 5. f3 0-0 6. Be3 Nbd7 7. Qd2 c5 8. d5 a6 9. 0-0-0 Qa5 10. Kb1 Rb8 11. Nge2 b5 12. Nc1 bxc4 13. Bxc4 Nxe4 14. Nxe4 Rxb2+ 15. Qxb2 Bxb2 16. Kxb2 Qb4+ 17. Bb3 c4 18. Rd4 Qb6 19. Nxd6 Qxd6 20. Rxc4 Qe5+ 21. Bd4 Qg5 22. Rc2 Nf6 23. Re1 Qh4 24. Bc3 Bf5 25. Rce2 Rb8 26. Rxe7 Qf2+ 27. R1e2 Qb6 28. g4 Bd7 29. Kc2 Re8 30. Bxf6 Qc5+ 31. Kb2 Rxe7 32. Bxe7 Qd4+ 33. Kb1 Bb5 34. Rc2 a5 35. g5 Bd3 36. Nxd3 Qxd3 37. Bf6 Kf8 38. Kb2 Qa6 39. d6 Qb7 40. Rc7 Qb8 41. Rxf7+ Ke8 42. d7# 1-0

[Event "Klatovy op-A 23rd"]
[Site "Klatovy"]
[Date "2017.07.04"]
[Round "4"]
[White "Kubat, Martin"]
[Black "Kunc, Jan"]
[Result "1/2-1/2"]
[WhiteElo "1828"]
[BlackElo "2015"]
[PlyCount "83"]
[EventDate "2017.07.01"]
[EventType "swiss"]
[EventRounds "9"]
[EventCountry "CZE"]
[SourceTitle "EXT 2018"]
[Source "ChessBase"]
[SourceDate "2017.10.13"]
[SourceVersion "1"]
[SourceVersionDate "2017.10.13"]
[SourceQuality "1"]

1. e4 c5 2. Nf3 Nc6 3. d4 cxd4 4. Nxd4 Nf6 5. Nc3 e5 6. Ndb5 d6 7. Bg5 a6 8. Na3 b5 9. Nd5 Be7 10. Bxf6 Bxf6 11. c3 Bg5 12. Nc2 Rb8 13. Nce3 0-0 14. h4 Bh6 15. g4 Bf4 16. Qf3 Bxe3 17. Nxe3 b4 18. Bc4 Qa5 19. Rc1 Be6 20. Nd5 bxc3 21. bxc3 Bxd5 22. Bxd5 Nd4 23. Qd3 Ne6 24. Qd2 Nf4 25. Bb3 Qc5 26. 0-0 Qc8 27. f3 Qd8 28. Qh2 Qb6+ 29. Kh1 Qe3 30. Rc2 Rfc8 31. c4 Qd3 32. Qf2 Rc6 33. Rd2 Qc3 34. Rfd1 Qb4 35. Qa7 Ne6 36. c5 Rxc5 37. Bxe6 fxe6 38. Rxd6 Rc1 39. Qxa6 Qb1 40. Qd3 Rxd1+ 41. Qxd1 Qxa2 42. Rd8+ 1/2-1/2

[Event "Ricany op"]
[Site "Ricany"]
[Date "2016.08.31"]
[Round "6"]
[White "Koper, Stefan"]
[Black "Kunc, Jan"]
[Result "1/2-1/2"]
[WhiteElo "1917"]
[BlackElo "1832"]
[PlyCount "92"]
[EventDate "2016.08.27"]
[EventType "swiss"]
[EventRounds "9"]
[EventCountry "CZE"]
[SourceTitle "CBM 174 Extra"]
[Source "ChessBase"]
[SourceDate "2016.10.10"]
[SourceVersion "1"]
[SourceVersionDate "2016.10.10"]
[SourceQuality "1"]

1. d4 Nf6 2. c4 g6 3. Nc3 Bg7 4. e4 d6 5. Be2 0-0 6. g4 e5 7. d5 Nbd7 8. g5 Ne8 9. Be3 f5 10. gxf6 Nexf6 11. h4 Nc5 12. Bf3 h5 13. b4 Na6 14. a3 Ng4 15. Bxg4 Bxg4 16. f3 Bc8 17. Ra2 Bf6 18. Rah2 Nb8 19. Ke2 a6 20. Qe1 Kh7 21. Rg2 Rg8 22. Bg5 Bd7 23. Qd2 b5 24. Nh3 Bxh3 25. Rxh3 Bxg5 26. Rxg5 Kg7 27. Rhg3 Kh7 28. cxb5 a5 29. Qc1 axb4 30. axb4 Nd7 31. Qg1 Qf6 32. Kd3 Nb6 33. Qc1 Ra7 34. Ne2 Rga8 35. Rxg6 Qxg6 36. Rxg6 Kxg6 37. Qg5+ Kf7 38. Qxh5+ Ke7 39. f4 Ra2 40. Ke3 R8a3+ 41. Kf2 exf4 42. Qg5+ Kd7 43. Qxf4 Rb3 44. Qg4+ Kd8 45. h5 Nc4 46. h6 Ne5 1/2-1/2

[Event "Ricany op"]
[Site "Ricany"]
[Date "2016.08.29"]
[Round "4"]
[White "Skacel, Jan"]
[Black "Kunc, Jan"]
[Result "1/2-1/2"]
[WhiteElo "2030"]
[BlackElo "1832"]
[PlyCount "50"]
[EventDate "2016.08.27"]
[EventType "swiss"]
[EventRounds "9"]
[EventCountry "CZE"]
[SourceTitle "CBM 174 Extra"]
[Source "ChessBase"]
[SourceDate "2016.10.10"]
[SourceVersion "1"]
[SourceVersionDate "2016.10.10"]
[SourceQuality "1"]

1. c4 Nf6 2. Nf3 g6 3. g3 Bg7 4. Bg2 0-0 5. Nc3 d6 6. 0-0 e5 7. d4 Nc6 8. dxe5 dxe5 9. Qxd8 Rxd8 10. Nb5 Ne8 11. Bg5 f6 12. Be3 a6 13. Nc3 Be6 14. b3 h6 15. Nh4 Kf7 16. Bxc6 bxc6 17. Rad1 g5 18. Ng2 f5 19. Na4 e4 20. f4 Bf6 21. Bc5 Nd6 22. e3 Nb7 23. Bd4 Rd6 24. Nc5 Nxc5 25. Bxc5 Rdd8 1/2-1/2

[Event "Ricany op"]
[Site "Ricany"]
[Date "2016.08.27"]
[Round "1"]
[White "Kunc, Jan"]
[Black "Kulhanek, Tomas"]
[Result "1/2-1/2"]
[WhiteElo "1832"]
[BlackElo "2364"]
[PlyCount "60"]
[EventDate "2016.08.27"]
[EventType "swiss"]
[EventRounds "9"]
[EventCountry "CZE"]
[SourceTitle "CBM 174 Extra"]
[Source "ChessBase"]
[SourceDate "2016.10.10"]
[SourceVersion "1"]
[SourceVersionDate "2016.10.10"]
[SourceQuality "1"]

1. e4 d6 2. d4 Nf6 3. Nc3 g6 4. Be3 c6 5. Qd2 b5 6. f3 Nbd7 7. h4 h5 8. Bd3 Nb6 9. Nh3 Bxh3 10. Rxh3 Qc7 11. 0-0-0 Bg7 12. Kb1 Rb8 13. e5 dxe5 14. dxe5 Nfd5 15. f4 0-0 16. Rg1 b4 17. Ne4 Na4 18. Ka1 c5 19. Bc4 Ndb6 20. Qe2 Qc6 21. Ng5 Nxc4 22. Qxc4 Rbd8 23. g4 hxg4 24. Rhg3 Qd5 25. Qxd5 Rxd5 26. Rxg4 Rfd8 27. Kb1 Rd1+ 28. Bc1 Bh6 29. Nh3 Kh7 30. Nf2 Rxg1 1/2-1/2

[Event "Klatovy op 22nd"]
[Site "Klatovy"]
[Date "2016.07.07"]
[Round "6"]
[White "Kunc, Jan"]
[Black "Novotny, Jaroslav2"]
[Result "1/2-1/2"]
[WhiteElo "1798"]
[BlackElo "1953"]
[PlyCount "120"]
[EventDate "2016.07.02"]
[EventType "swiss"]
[EventRounds "9"]
[EventCountry "CZE"]
[SourceTitle "CBM 173 Extra"]
[Source "ChessBase"]
[SourceDate "2016.08.29"]
[SourceVersion "1"]
[SourceVersionDate "2016.08.29"]
[SourceQuality "1"]

1. e4 c5 2. Nf3 d6 3. d4 cxd4 4. Nxd4 Nf6 5. Nc3 a6 6. Bc4 e6 7. Bb3 Be7 8. 0-0 0-0 9. f4 Qc7 10. f5 e5 11. Nf3 b5 12. Kh1 Bb7 13. Nd5 Nxd5 14. Bxd5 Nd7 15. Bxb7 Qxb7 16. Re1 h6 17. c3 Nf6 18. Qe2 Rfc8 19. Nd2 a5 20. Nf1 Rc4 21. Ng3 Rd8 22. Bd2 d5 23. exd5 Rxd5 24. b3 Rc8 25. c4 bxc4 26. bxc4 Rdc5 27. Rab1 Qc6 28. Rb5 Rxc4 29. Rxe5 Bb4 30. Bxb4 axb4 31. Nh5 Rc2 32. Nxf6+ Qxf6 33. Qb5 Kh7 34. h3 Rxa2 35. Qxb4 Rcc2 36. Qg4 Rxg2 37. Qxg2 Rxg2 38. Kxg2 Qg5+ 39. Kh2 Qf4+ 40. Kg2 f6 41. Re7 Qxf5 42. R1e4 h5 43. Kg3 Qg5+ 44. Kf3 f5 45. Re3 f4 46. Re2 Qg3+ 47. Ke4 Qxh3 48. Kxf4 Qg4+ 49. Ke3 h4 50. Kf2 Qg3+ 51. Kf1 Qf4+ 52. Kg2 Kh6 53. R2e3 g5 54. R3e6+ Kh5 55. Re5 Kg6 56. Re4 Qf5 57. R4e6+ Kh5 58. Re5 Qc2+ 59. Kh3 Qb1 60. Kh2 Qf1 1/2-1/2

[Event "Klatovy op 22nd"]
[Site "Klatovy"]
[Date "2016.07.06"]
[Round "5"]
[White "Drahorad, Daniel"]
[Black "Kunc, Jan"]
[Result "1-0"]
[WhiteElo "1970"]
[BlackElo "1798"]
[PlyCount "29"]
[EventDate "2016.07.02"]
[EventType "swiss"]
[EventRounds "9"]
[EventCountry "CZE"]
[SourceTitle "CBM 173 Extra"]
[Source "ChessBase"]
[SourceDate "2016.08.29"]
[SourceVersion "1"]
[SourceVersionDate "2016.08.29"]
[SourceQuality "1"]

1. e4 e5 2. Nf3 Nc6 3. Bc4 Bc5 4. b4 Bxb4 5. c3 Ba5 6. d4 exd4 7. Nxd4 Nge7 8. Bg5 0-0 9. Nf5 d6 10. Nxg7 Kxg7 11. Qh5 Qd7 12. Bh6+ Kg8 13. Qg5+ Ng6 14. Qf6 Bxc3+ 15. Nxc3 1-0